Online Catalogue and eLibrary

Uyar ennangal II (Record no. 3577)

MARC details
000 -LEADER
fixed length control field 00388nam a2200145Ia 4500
005 - DATE AND TIME OF LATEST TRANSACTION
control field 20250410052018.0
008 - FIXED-LENGTH DATA ELEMENTS--GENERAL INFORMATION
fixed length control field 240331s9999 xx 000 0 und d
082 ## - DDC Classification
Item Number - Author Mark PER
Class No. 100
100 ## - MAIN ENTRY--PERSONAL NAME
Personal name Periyar,T
245 #0 - TITLE STATEMENT
Title Uyar ennangal II
260 ## - PUBLICATION, DISTRIBUTION, ETC.
Place of publication, distribution, etc. Chennai
Name of publisher, distributor, etc. Periyar suyamariyathai pirachara niruvan velliyidu
Date of publication, distribution, etc. 1993
300 ## - PHYSICAL DESCRIPTION
Extent (e.g. Volumes, Pages etc.) 52 p .,
500 ## - GENERAL NOTE
General note Pakthium olukamum patriyathu
942 ## - Koha item type (Biblio)
Koha item type Books in Stacks (Lending)
Holdings
Lost status Damaged status Collection code Home library Current library Shelving location Date acquired Full call number Accession Number Item type
    Lending WERC Library WERC Library Social Science Cupboard 03/31/2024 100 PER 2177 Books in Stacks (Lending)

© WERC Library